|
|
|
|
| LEADER |
01325nam a2200373 i 4500 |
| 001 |
36416 |
| 003 |
BD-DhAAL |
| 005 |
20211129100915.0 |
| 008 |
191023t2016 maua 001 0 eng |
| 999 |
|
|
|c 41592
|d 41592
|
| 010 |
|
|
|a 2014033129
|
| 020 |
|
|
|a 9780133796773 (hardcover)
|
| 020 |
|
|
|a 0133796779 (hardcover)
|
| 040 |
|
|
|a DLC
|b eng
|c DLC
|e rda
|d BD-DhAAL
|
| 042 |
|
|
|a pcc
|
| 050 |
0 |
0 |
|a HG4651
|b .F28 2016
|
| 082 |
0 |
0 |
|a 332.6323
|2 23
|
| 100 |
1 |
|
|a Fabozzi, Frank J.,
|e author.
|9 36425
|
| 245 |
1 |
0 |
|a Bond markets, analysis, and strategies /
|c Frank J. Fabozzi.
|
| 250 |
|
|
|a Ninth edition.
|
| 260 |
|
|
|a Boston :
|b Pearson,
|c 2016
|
| 300 |
|
|
|a xiii, 796 pages :
|b illustrations ;
|c 25 cm.
|
| 504 |
|
|
|a Includes bibliographical references and index.
|
| 526 |
|
|
|a BBS
|
| 541 |
|
|
|a Karim International
|e 36416
|
| 650 |
|
0 |
|a Bonds.
|9 36426
|
| 650 |
|
0 |
|a Investment analysis.
|9 36427
|
| 650 |
|
0 |
|a Portfolio management.
|9 36428
|
| 650 |
|
0 |
|a Bond market.
|9 36429
|
| 650 |
|
0 |
|a Brand name products
|x Management.
|9 36430
|
| 650 |
|
0 |
|a Business & finance
|9 43256
|
| 852 |
|
|
|a Ayesha Abed Library
|c General Stacks
|
| 942 |
|
|
|2 ddc
|c BK
|
| 952 |
|
|
|0 0
|1 0
|2 ddc
|4 0
|6 332_632300000000000_FAB
|7 0
|9 66780
|a BRACUL
|b BRACUL
|c GEN
|d 2019-10-17
|e Karim International
|g 35000.00
|l 0
|o 332.6323 FAB
|p 3010036416
|r 2019-10-17
|t 1
|v 35000.00
|w 2019-10-17
|y BK
|